000 00654nam a2200229Ia 4500
003 OSt
005 20220928115419.0
006 a|||||r|||| 00| 0
007 ta
008 220927b |||||||| |||| 00| 0 eng d
024 _a25280
037 _cTextual
040 _aSDCL
_cSDCL
_beng
041 _2eng
_aeng
082 _aQ11:4x1,1:g, L8
100 _aBhattacharya Bhabani Prasad
_9444167
245 0 _aAsvalayanapastambasrautasutravimarshah.
260 _aCalcutta
_bSanskrit Pustak Bhandar
_c1978
300 _axi,180p.
_ccm.
942 _hQ11:4x1,1:g, L8
_cTEXL
_2CC
999 _c759282
_d759282